[Event "Tourn. n9925"]
[Site "www.echecsemail.com"]
[Date "2018.10.11"]
[Round "1"]
[White "J1j6"]
[Black "Madz123456"]
[WhiteElo "1840"]
[BlackElo "1830"]
[Result "0-1"]
[Round "1"]
1.Ng1f3 Ng8f6
2.d4 e6
3.c3 Bf8e7
4.g3 d5
5.Bf1g2 c5
6.dxc5 Be7xc5
7.O-O O-O
8.Qd1d3 Nb8d7
9.b4 Bc5d6
10.Bc1b2 a5
11.b5 e5
12.Qd3d2 Nd7b6
13.Nb1a3 Bc8d7
14.Ra1c1 e4
15.Nf3d4 Bd6xa3
16.Bb2xa3 Nb6c4
 { time }
0-1

[Event "Match"]
[Site "www.echecsemail.com"]
[Date "2018.10.11"]
[Round "1"]
[White "Apdash"]
[Black "Ericleo1980"]
[WhiteElo "2150"]
[BlackElo "1980"]
[Result "1-0"]
[Round "1"]
1.d4 d5
2.c4 c6
3.e3 Ng8f6
4.Nb1c3 Nb8d7
5.Ng1f3 e6
6.Bf1d3 dxc4
7.Bd3xc4 b5
8.Bc4d3 Bc8b7
9.O-O a6
10.Qd1c2 c5
11.Bd3e2 Ra8c8
12.dxc5 Rc8xc5
13.Qc2d3 Qd8c7
14.e4 b4
15.Nc3a4 Bb7xe4
16.Qd3d4 Rc5d5
17.Qd4e3 Bf8d6
18.h3 O-O
19.b3 Bd6e5
{ time. }
1-0

[Event "Match"]
[Site "www.echecsemail.com"]
[Date "2018.10.11"]
[Round "1"]
[White "Paco"]
[Black "Ztornad"]
[WhiteElo "1980"]
[BlackElo "1720"]
[Result "1/2-1/2"]
[Round "1"]
1.e4 e5
2.Ng1f3 d6
3.Bf1c4 Ng8h6
4.d3 Bc8e6
5.Nb1c3 a6
6.Nf3g5 Be6xc4
7.dxc4 Bf8e7
8.h4 Qd8d7
9.Nc3d5 Be7d8
10.Bc1e3 f6
11.Qd1h5 Kf8
12.Ng5f3 Qd7f7
13.Qh5xf7 Nh6xf7
14.g4 Nb8d7
15.O-O-O c6
16.Nd5c3 Bd8b6
17.Rd1d3 Bb6c5
18.Be3xc5 Nd7xc5
19.Rd3d2 b5
20.cxb5 axb5
21.g5 b4
22.Nc3e2 Nc5xe4
23.gxf6 gxf6
24.Rh1h2 Ne4xd2
25.Nf3xd2 d5
26.Kb1 h5
27.Ne2g3 Nf7d6
28.b3 Ra8a5
29.f3 Rh8g8
30.Ng3xh5 f5
31.Nh5f6 Rg8g1
32.Kb2 e4
33.h5 Ke7
34.fxe4 Kxf6
35.exf5 Nd6f7
36.Nd2f3 Rg1f1
37.Nf3d4 Ra5a6
38.h6 Ra6a8
39.Nd4xc6 Rf1f4
40.h7 Ra8h8
41.a3 bxa3
42.Kxa3 Nf7g5
43.b4 Rf4f3
44.Ka4 Rh8xh7
45.Rh2d2 Rf3xf5
46.b5 Ng5e4
47.Rd2g2 Rf5f2
48.Rg2xf2 Ne4xf2
49.Ka5 Nf2e4
50.b6 Ne4d6
51.Kb4 Rh7d7
52.Kc5 Nd6b7
53.Kb5 d4
54.Nc6b8 Rd7h7
55.Kc6 Nb7d8
56.Kc5 Nd8e6
57.Kd6 Kf5
58.Nb8d7 Ne6d8
59.Kc7 Nd8b7
60.Kxb7 Rh7xd7
61.Kc8 Rd7g7
62.b7 Rg7g8
63.Kc7 Ke5
64.b8Q Rg8xb8
65.Kxb8 Kd5
66.Kb7 Kc4
67.Kc6 Kc3
{ draw }
1/2-1/2

[Event "Tourn. n9919"]
[Site "www.echecsemail.com"]
[Date "2018.10.11"]
[Round "1"]
[White "J1j6"]
[Black "Ditto"]
[WhiteElo "1950"]
[BlackElo "1850"]
[Result "0-1"]
[Round "1"]
1.Ng1f3 d5
2.d4 c6
3.Bc1f4 Bc8g4
4.Nb1d2 e6
5.h3 Bg4f5
6.g4 Bf5g6
7.c3 Ng8f6
8.Nf3e5 Nb8d7
9.Ne5xg6 fxg6
10.Bf1g2 Qd8b6
11.b4 Bf8e7
12.e3 O-O
13.Nd2b3 Nf6e8
14.Qd1d2 Be7h4
15.O-O-O Qb6d8
16.e4 Nd7b6
17.exd5 Nb6c4
18.Qd2e2 cxd5
19.Qe2xe6 Kh8
20.Bg2xd5 Nc4b6
21.Bd5xb7 Rf8xf4
22.Bb7xa8 Qd8xa8
23.Rh1e1 Rf4f8
 { time }
0-1

[Event "Tourn. n9880"]
[Site "www.echecsemail.com"]
[Date "2018.10.11"]
[Round "1"]
[White "Cathar"]
[Black "Senitram"]
[WhiteElo "2400"]
[BlackElo "2520"]
[Result "0-1"]
[Round "1"]
1.c4 e5
2.g3 Nb8c6
3.Nb1c3 Bf8c5
4.Bf1g2 Ng8f6
5.Ng1f3 d6
6.O-O O-O
7.d3 h6
8.a3 Nc6d4
9.Nf3e1 Bc5b6
10.e3 Nd4e6
11.Ne1f3 Rf8e8
12.b4 c6
13.Bc1b2 Ne6g5
14.Nf3xg5 hxg5
15.h3 g4
16.h4 Bc8f5
17.Nc3e4 Nf6xe4
18.dxe4 Bf5e6
19.Qd1c2 Qd8e7
20.Rf1d1 Re8d8
21.Rd1d2 a5
22.Ra1d1 axb4
23.axb4 Ra8a2
24.Qc2b3 Ra2a7
25.Rd1a1 Ra7xa1
26.Bb2xa1 Bb6c7
27.Bg2f1 Rd8a8
28.Ba1b2 b6
29.Bb2c3 b5
30.Bc3b2 Ra8c8
31.Qb3c3 Rc8a8
32.cxb5 cxb5
33.Rd2c2 Qe7e8
34.Qc3xc7 Ra8c8
35.Qc7xd6 Rc8xc2
36.Qd6xe5 f6
37.Qe5d4 Qe8d7
38.Qd4xd7 Be6xd7
39.Bb2d4 Bd7c6
40.Bf1d3 Rc2d2
41.Bd3f1 Rd2d1
{ resign }
0-1

[Event "Match"]
[Site "www.echecsemail.com"]
[Date "2018.10.11"]
[Round "1"]
[White "Llord"]
[Black "Ztornad"]
[WhiteElo "1920"]
[BlackElo "1730"]
[Result "0-1"]
[Round "1"]
1.e4 e5
2.Ng1f3 d6
3.Bf1c4 Bc8e6
4.Qd1e2 a6
5.d3 b5
6.Bc4b3 Be6xb3
7.axb3 h6
8.O-O Nb8c6
9.Nb1c3 Ng8f6
10.Nc3d5 Nf6xd5
11.exd5 Nc6e7
12.c4 b4
13.Bc1d2 c5
14.h3 Ne7g6
15.d4 Qd8e7
16.dxe5 Ng6xe5
17.Nf3xe5 dxe5
18.Rf1e1 f6
19.Qe2h5 Kd8
20.Bd2e3 Qe7d6
21.Ra1a5 Qd6c7
22.Re1a1 e4
23.Ra5xa6 Ra8xa6
24.Ra1xa6 Qc7b7
25.Ra6c6 Qb7a7
26.Qh5f5 Qa7d7
27.Qf5f4 Qd7a7
28.Qf4f5 Qa7d7
29.Qf5xd7 Kxd7
30.Rc6a6 Kc7
31.Ra6c6 Kb7
32.Rc6e6 Kc7
33.Re6xe4 Kd7
34.Be3f4 g5
35.Bf4g3 Bf8e7
36.f4 Be7d6
37.Kf2 f5
38.Re4e6 gxf4
39.Bg3h4 Rh8h7
40.Re6f6 Bd6e7
41.Rf6xf5 Be7xh4
42.Kf3 Bh4g3
43.Rf5f6 h5
44.Rf6c6 Rh7e7
45.Rc6e6 Re7xe6
46.dxe6 Kxe6
47.Ke4 Bg3h2
48.Kd3 Ke5
49.Ke2 Ke4
50.Kd2 h4
51.Ke2 Bh2g1
52.Kd2 Bg1d4
53.Ke2 Bd4xb2
54.Kd2 f3
{ resign }
0-1

[Event "Match"]
[Site "www.echecsemail.com"]
[Date "2018.10.11"]
[Round "1"]
[White "J1j6"]
[Black "Orhany24"]
[WhiteElo "1990"]
[BlackElo "2060"]
[Result "0-1"]
[Round "1"]
1.g3 e5
2.Bf1g2 d5
3.d4 e4
4.f3 f5
5.fxe4 fxe4
6.Bc1f4 Ng8f6
7.c3 Bf8d6
8.e3 Bc8g4
9.Ng1e2 O-O
10.Bf4xd6 Qd8xd6
11.Nb1d2 c5
12.dxc5 Qd6xc5
13.Nd2f1 Nb8c6
14.h3 Bg4f3
15.Bg2xf3 exf3
16.Ne2f4 Ra8e8
17.Qd1xf3 Nf6e4
18.O-O-O Ne4xc3
19.bxc3 Qc5xc3
20.Kb1 Qc3b4
21.Kc2 Qb4a4
22.Kd2 Qa4xa2
23.Ke1 Kh8
24.Rd1xd5 Nc6b4
 { time }
0-1

[Event "Match"]
[Site "www.echecsemail.com"]
[Date "2018.10.11"]
[Round "1"]
[White "Comrade"]
[Black "Gidgud"]
[WhiteElo "2210"]
[BlackElo "2320"]
[Result "1-0"]
[Round "1"]
1.c4 e6
2.Nb1c3 Ng8f6
3.d4 Bf8b4
4.e3 Bb4xc3
5.bxc3 O-O
6.Bf1d3 d5
7.Ng1f3 b6
8.cxd5 Qd8xd5
9.c4 Qd5d8
10.O-O Bc8b7
11.Bc1a3 Rf8e8
12.Qd1c2 Nb8a6
13.Ra1d1 c6
14.e4 h6
15.e5 Nf6d7
16.Bd3e4 Ra8c8
17.Ba3d6 f5
18.exf6 Nd7xf6
19.Bd6a3 b5
20.Ba3c5 Na6xc5
21.dxc5 Qd8e7
22.Be4g6 Re8f8
23.Rf1e1 Nf6d7
24.Rd1xd7 Qe7xd7
25.Nf3e5 { resign }
1-0

[Event "Match"]
[Site "www.echecsemail.com"]
[Date "2018.10.11"]
[Round "1"]
[White "Darknight"]
[Black "J1j6"]
[WhiteElo "1930"]
[BlackElo "2050"]
[Result "1-0"]
[Round "1"]
1.e4 e5
2.Bf1c4 Bf8c5
3.Ng1f3 Nb8c6
4.a3 Ng8f6
5.c3 d5
6.exd5 Nf6xd5
7.Qd1e2 Nd5f4
8.Qe2f1 e4
9.Nf3g1 Qd8g5
10.g3 Nf4e6
11.h4 Qg5f5
12.Ng1h3 Nc6e5
13.Bc4e2 h6
14.Be2b5 c6
15.Bb5e2 O-O
16.f3 exf3
17.Be2d1 Ne5d3
18.Qf1xd3 Qf5xd3
19.Rh1f1 Rf8e8
20.Rf1xf3 Ne6f4
21.Rf3e3 Re8xe3
22.dxe3  { time }
1-0

[Event "Match"]
[Site "www.echecsemail.com"]
[Date "2018.10.11"]
[Round "1"]
[White "Llord"]
[Black "J1j6"]
[WhiteElo "1930"]
[BlackElo "1990"]
[Result "1-0"]
[Round "1"]
1.e4 e5
2.Ng1f3 Nb8c6
3.Bf1c4 Ng8f6
4.Nb1c3 Bf8c5
5.O-O d6
6.h3 O-O
7.Nc3d5 Nf6xd5
8.Bc4xd5 Nc6e7
9.a3 Ne7xd5
10.exd5 b5
11.d3 Bc8b7
12.c4 bxc4
13.dxc4 c6
14.dxc6 Bb7xc6
15.b4 Bc5b6
16.c5 dxc5
17.Qd1xd8 Ra8xd8
18.Nf3xe5  { time }
1-0

[Event "Tourn. n9930"]
[Site "www.echecsemail.com"]
[Date "2018.10.11"]
[Round "1"]
[White "Madz123456"]
[Black "J1j6"]
[WhiteElo "1850"]
[BlackElo "1860"]
[Result "1-0"]
[Round "1"]
1.e4 c5
2.Ng1f3 Nb8c6
3.Nb1c3 e6
4.Bf1b5 Qd8c7
5.d3 a6
6.Bb5xc6 Qc7xc6
7.a4 d6
8.O-O Bf8e7
9.Rf1e1 Bc8d7
10.h3 Ng8f6
11.e5 dxe5
12.Nf3xe5 Qc6c7
13.Bc1f4 Be7d6
14.d4 cxd4
15.Qd1xd4  { time }
1-0

[Event "Tourn. n9945"]
[Site "www.echecsemail.com"]
[Date "2018.10.11"]
[Round "1"]
[White "Yakke"]
[Black "Passaroa25"]
[WhiteElo "1750"]
[BlackElo "1720"]
[Result "1-0"]
[Round "1"]
1.e4 Nb8c6
2.Ng1f3 h6
3.c3 e5
4.d4 f6
5.d5 Nc6e7
6.Bf1c4 b6
7.d6 Ne7c6
8.Bc4xg8 Rh8xg8
9.Nf3h4 g5
10.Nh4f5 a5
11.Qd1h5 { resign }
1-0

[Event "Tourn. n9942"]
[Site "www.echecsemail.com"]
[Date "2018.10.11"]
[Round "1"]
[White "J1j6"]
[Black "Bigrezi"]
[WhiteElo "1980"]
[BlackElo "2300"]
[Result "0-1"]
[Round "1"]
1.e4 e5
2.Ng1f3 Nb8c6
3.Bf1c4 Ng8f6
4.Nf3g5 d5
5.exd5 Nf6xd5
6.Qd1f3 Qd8xg5
7.Bc4xd5 Nc6d4
8.Qf3xf7 Kd8
9.O-O Nd4xc2
10.d4 Qg5f5
11.dxe5 Nc2xa1
12.Rf1d1 Qf5xf7
13.Bd5xf7 Ke7
14.Bf7c4 Bc8g4
15.Bc1g5 Ke8
16.Rd1d4 Bg4h5
17.Nb1c3 Bf8c5
18.Rd4d2 h6
19.Bg5h4 g5
 { time }
0-1

[Event "Fast Game"]
[Site "www.echecsemail.com"]
[Date "2018.10.11"]
[Round "1"]
[White "Apdash"]
[Black "Hennie4820"]
[WhiteElo "1850"]
[BlackElo "1680"]
[Result "1-0"]
[Round "1"]
1.e4 c5
2.Ng1f3 e6
3.d4 cxd4
4.Nf3xd4 Ng8f6
5.Nb1c3 Qd8b6
6.Nd4b3 Nb8c6
7.Bc1e3 Qb6c7
8.Bf1e2 a6
9.O-O d6
10.f4 Bf8e7
11.Nb3d4 Bc8d7
12.Nd4f3 Ra8c8
13.Ra1c1 O-O
14.Qd1d2 Nc6a5
15.e5 dxe5
16.fxe5 Nf6g4
17.Nc3e4 Ng4xe3
18.Qd2xe3 Na5c4
19.Be2xc4 Qc7xc4
20.b3 Qc4c7
21.Kh1 Be7a3
22.Rc1d1 Bd7c6
23.c4 Bc6xe4
24.Qe3xe4 Rc8d8
25.Nf3g5 g6
26.Rd1xd8 Qc7xd8
27.h4 Ba3e7
28.Ng5f3 Rf8e8
29.Kh2 Be7f8
30.Qe4xb7 Qd8a5
31.Nf3g5 Re8e7
32.Qb7b8 h6
33.Ng5e4 Kg7
34.Rf1d1 Qa5c7
35.Qb8xc7 Re7xc7
36.Ne4d6 g5
37.Nd6e8 { resign }
1-0

[Event "Fast Game"]
[Site "www.echecsemail.com"]
[Date "2018.10.11"]
[Round "1"]
[White "Krazy4chess"]
[Black "Apdash"]
[WhiteElo "1930"]
[BlackElo "1850"]
[Result "1-0"]
[Round "1"]
1.e4 c5
2.Ng1f3 d6
3.d4 cxd4
4.Nf3xd4 Nb8c6
5.c4 Qd8a5
6.Nb1c3 Ng8f6
7.Nd4xc6 bxc6
8.Bc1d2 Qa5b6
9.Nc3a4 Qb6d8
10.Bf1d3 g6
11.O-O Bf8g7
12.f4 d5
13.cxd5 O-O
14.Na4c3 cxd5
15.e5 Qd8b6
16.Kh1 Nf6g4
17.Nc3xd5 Qb6d4
18.Bd3e4 Ra8b8
19.Nd5xe7 Kh8
20.Ne7xc8 Qd4xe4
21.Qd1xg4 f5
22.Nc8d6 Qe4c2
23.Qg4d1 Qc2xb2
24.Qd1c1 Qb2d4
25.Bd2e3 Qd4a4
26.Qc1c4 Qa4d7
27.Rf1b1 h6
28.Rb1xb8 Rf8xb8
29.Qc4f7 Qd7c6
30.Qf7xg6 Qc6c3
31.Ra1d1 Qc3xe3
32.Nd6xf5 Qe3xe5
33.fxe5 Bg7xe5
34.Qg6xh6 Kg8
35.Qh6e6 Kh7
36.Qe6xe5 Rb8g8
37.Rd1d7 Kg6
38.Qe5e6 Kg5
39.h4 Kg4
40.Nf5e3 Kg3
41.Rd7f7 Rg8g5
42.Qe6h3 { resign }
1-0

[Event "Match"]
[Site "www.echecsemail.com"]
[Date "2018.10.12"]
[Round "1"]
[White "Stevep84"]
[Black "Fangshuo"]
[WhiteElo "2340"]
[BlackElo "2080"]
[Result "1-0"]
[Round "1"]
1.e4 c5
2.Ng1f3 Nb8c6
3.d4 d5
4.exd5 Qd8xd5
5.Nb1c3 Qd5d8
6.Bc1e3 cxd4
7.Nf3xd4 Bc8d7
8.Qd1d2 e5
9.Nd4xc6 Bd7xc6
10.O-O-O Bf8e7
11.Qd2e2 Qd8a5
12.Qe2g4 g6
13.Bf1c4 Ng8f6
14.Qg4g3 O-O
15.h4 Nf6h5
16.Qg3h3 b5
17.Bc4b3 Ra8d8
18.Rh1g1 b4
19.g4 Nh5f6
20.Nc3e2 Bc6d5
21.Be3h6 Rf8e8
22.h5 Bd5xb3
23.Qh3xb3 Rd8xd1
24.Rg1xd1 Nf6xg4
25.Bh6d2 Ng4xf2
26.hxg6 hxg6
27.Rd1g1 Kg7
28.Kb1 Nf2e4
29.Bd2c1 Qa5c5
30.Rg1f1 f6
31.Qb3e6 Qc5b5
32.Rf1h1 g5
33.Qe6f5 Re8h8
34.Rh1xh8 Kxh8
35.Qf5xe4 f5
36.Qe4a8 Kg7
37.Qa8xa7 Kf6
38.Qa7e3 f4
39.Qe3d3 Qb5xd3
40.cxd3 Kf5
41.Kc2 Be7c5
42.Kd1 { resign }
1-0

[Event "Tourn. n9900"]
[Site "www.echecsemail.com"]
[Date "2018.10.12"]
[Round "1"]
[White "Cal"]
[Black "Jackbauer"]
[WhiteElo "1730"]
[BlackElo "1780"]
[Result "0-1"]
[Round "1"]
1.c4 e5
2.e4 Ng8f6
3.d3 c5
4.Nb1c3 Bf8e7
5.h3 h6
6.Ng1f3 Nb8c6
7.Bf1e2 b6
8.a3 O-O
9.O-O d6
10.Bc1e3 a6
11.Nf3h4 Bc8e6
12.Nc3d5 Nf6d7
13.f4 Be7xh4
14.f5 Be6xd5
15.cxd5 Nc6b8
16.Be2h5 Nd7f6
17.b4 Nb8d7
18.Qd1f3 Kh8
19.Be3f2 Bh4g5
20.h4 Bg5f4
21.g3 Bf4d2
22.g4 Nf6xh5
23.gxh5 Nd7f6
24.Ra1a2 Bd2c3
25.bxc5 bxc5
26.Bf2e3 Ra8b8
27.a4 Qd8c7
28.Rf1f2 Rb8b1
29.Kg2 Rf8b8
30.Qf3g3 Nf6xh5
31.Qg3g4 Nh5f6
32.Qg4f3 Qc7a5
33.Rf2c2 Rb8b2
34.Ra2xb2 Bc3xb2
35.d4 Qa5e1
36.Kh3 Qe1h1
37.Qf3xh1 Rb1xh1
38.Kg2 Rh1b1
39.dxc5 dxc5
40.Be3xc5 Nf6xe4
41.Bc5e7 f6
42.Rc2c8 Kh7
43.Rc8c7 Rb1a1
44.Kf3 Ra1xa4
45.d6 Bb2a3
46.d7 Ba3xe7
47.h5 Ne4g5
48.Ke3 Ra4d4
49.Rc7a7 Rd4d6
{ resign }
0-1

[Event "Tourn. n9866"]
[Site "www.echecsemail.com"]
[Date "2018.10.12"]
[Round "1"]
[White "Gvladutz"]
[Black "Aniruddhadg"]
[WhiteElo "2550"]
[BlackElo "2540"]
[Result "1-0"]
[Round "1"]
1.e4 c5
2.Ng1f3 d6
3.d4 cxd4
4.Nf3xd4 Ng8f6
5.Nb1c3 Nb8c6
6.Bc1g5 e6
7.Qd1d2 a6
8.O-O-O Bc8d7
9.f4 b5
10.Nd4xc6 Bd7xc6
11.Qd2e1 Bf8e7
12.e5 Nf6d5
13.h4 dxe5
14.Qe1xe5 Be7f6
15.Qe5e4 Qd8d7
16.Nc3xd5 Bc6xd5
17.Qe4e3 Bf6e7
18.Bg5xe7 Qd7xe7
19.a4 bxa4
20.Rh1h3 Ra8a7
21.h5 h6
22.Rh3g3 O-O
23.f5 Ra7c7
24.Qe3d4 f6
25.fxe6 Bd5xe6
26.Rg3e3 a3
27.Re3xa3 Rc7d7
28.Qd4f2 Rd7xd1
29.Kxd1 Qe7b4
30.Kc1 Rf8b8
31.c3 Qb4e4
32.Bf1xa6 Be6f5
33.Ra3a1 Bf5h7
34.b4 Qe4e5
35.Qf2c5  { time }
1-0

[Event "Tourn. n9972"]
[Site "www.echecsemail.com"]
[Date "2018.10.12"]
[Round "1"]
[White "Fantomas"]
[Black "Apdash"]
[WhiteElo "2160"]
[BlackElo "2200"]
[Result "0-1"]
[Round "1"]
1.e4 e5
2.Ng1f3 Nb8c6
3.Bf1b5 Ng8e7
4.Nb1c3 a6
5.Bb5a4 d6
6.Nc3d5 b5
7.Nd5xe7 Bf8xe7
8.Ba4b3 O-O
9.h3 Nc6a5
10.c3 Na5xb3
11.Qd1xb3 Bc8e6
12.Qb3c2 f5
13.d3 c5
14.Qc2e2 fxe4
15.dxe4 Be6c4
16.Qe2c2 Qd8d7
17.Bc1e3 Rf8f7
18.b3 Bc4e6
19.O-O-O Qd7c7
20.Nf3g5 Be7xg5
21.Be3xg5 Ra8f8
22.f3 a5
23.Kb2 Rf8a8
24.Qc2d2 Rf7d7
25.Rd1c1 b4
26.Rh1d1 bxc3
27.Qd2xc3 Qc7b6
28.Bg5e3 a4
29.Rc1a1 Rd7b7
30.Rd1b1 axb3
31.Kc1 Qb6b5
32.Kd2 b2
{ resign }
0-1

[Event "Tourn. n9949"]
[Site "www.echecsemail.com"]
[Date "2018.10.12"]
[Round "1"]
[White "Coolant"]
[Black "Apdash"]
[WhiteElo "2300"]
[BlackElo "2160"]
[Result "1-0"]
[Round "1"]
1.e4 e5
2.d4 exd4
3.Bf1c4 Nb8c6
4.Ng1f3 Bf8b4
5.Bc1d2 Bb4c5
6.O-O d6
7.Bd2g5 Ng8e7
8.Nb1d2 Bc8g4
9.h3 Bg4e6
10.Qd1e2 Be6xc4
11.Qe2xc4 O-O
12.Nd2b3 Bc5b6
13.Nb3xd4 Qd8d7
14.Ra1d1 Nc6xd4
15.Nf3xd4 h6
16.Bg5xe7 Qd7xe7
17.Nd4f5 Qe7e6
18.Qc4c3 Qe6e5
19.Qc3xe5 dxe5
20.Rd1d5 f6
21.Rf1d1 Rf8f7
22.c4 c6
23.Rd5d3 Kh7
24.b4 g6
25.Nf5d6 Rf7d7
26.c5 Bb6d8
27.Nd6c4 Rd7xd3
28.Rd1xd3 h5
29.Rd3d7 Kh6
30.Rd7xb7 a5
31.a3 h4
32.Nc4b6 Ra8a6
33.Rb7b8 Bd8xb6
34.Rb8xb6 Ra6a8
35.Rb6xc6 axb4
36.axb4 Kg5
37.Kh2 f5
38.exf5 gxf5
39.b5 f4
40.b6 e4
41.b7 Ra8b8
42.Rc6b6 e3
43.fxe3 fxe3
44.c6 e2
45.Rb6b1 Kf4
46.c7 Rb8xb7
47.c8Q Rb7xb1
48.Qc8g4 Ke3
49.Qg4g5 Kd4
50.Qg5d2 { resign }
1-0

[Event "Match"]
[Site "www.echecsemail.com"]
[Date "2018.10.12"]
[Round "1"]
[White "Caspito"]
[Black "Lug47"]
[WhiteElo "1870"]
[BlackElo "1490"]
[Result "1-0"]
[Round "1"]
1.e4 e5
2.Ng1e2 Ng8f6
3.f4 Nb8c6
4.Nb1c3 Bf8d6
5.d3 O-O
6.Bc1e3 exf4
7.Ne2xf4 Rf8e8
8.Bf1e2 Nc6e5
9.Qd1d2 Nf6g4
10.O-O-O Kf8
11.h3 Ng4f6
12.g4 h6
13.Nf4h5 Nf6xh5
14.gxh5 c5
15.Rh1g1 Qd8h4
16.Be3xh6 Qh4xh3
17.Bh6xg7 Kg8
18.Qd2h6 f6
19.Bg7xf6 Kf7
20.Rg1g7 Ke6
21.Bf6e7 Ne5g6
22.Qh6xg6 Ke5
23.Qg6f6 
1-0

[Event "Match"]
[Site "www.echecsemail.com"]
[Date "2018.10.12"]
[Round "1"]
[White "Guidom"]
[Black "Ermejo69"]
[WhiteElo "2170"]
[BlackElo "2200"]
[Result "0-1"]
[Round "1"]
1.e4 c5
2.Ng1f3 d6
3.d4 cxd4
4.Nf3xd4 Ng8f6
5.Bf1d3 g6
6.O-O Bf8g7
7.c3 O-O
8.Bc1g5 Nb8c6
9.Nd4xc6 bxc6
10.Nb1d2 h6
11.Bg5h4 Ra8b8
12.Qd1c2 Qd8c7
13.Ra1b1 e5
14.Bd3c4 g5
15.Bh4g3 Nf6h5
16.Bc4b3 Kh8
17.c4 f5
18.exf5 Bc8xf5
19.Nd2e4 a5
20.Qc2e2 Nh5f4
21.Bg3xf4 exf4
22.f3 Rb8b4
23.Qe2d1 a4
24.Bb3xa4 Qc7a7
25.Kh1 Rb4xa4
26.Qd1xd6 Bf5xe4
27.fxe4 Ra4xc4
28.e5 Qa7xa2
29.h3 f3
30.gxf3 Rf8xf3
31.Qd6d8 Kh7
32.Qd8d7 Rf3xh3
33.Qd7xh3 Rc4h4
34.Qh3xh4 gxh4
35.Rb1e1 Qa2d5
36.Kg1 Bg7xe5
37.Re1e2 Qd5d3
38.Rf1e1 Be5d4
{ resign }
0-1

[Event "Match"]
[Site "www.echecsemail.com"]
[Date "2018.10.12"]
[Round "1"]
[White "Sonny1000"]
[Black "Cal"]
[WhiteElo "1600"]
[BlackElo "1710"]
[Result "0-1"]
[Round "1"]
1.e4 e5
2.c3 a6
3.Ng1f3 Nb8c6
4.d3 h6
5.g4 d6
6.d4 Ng8f6
7.Qd1b3 Bf8e7
8.Bf1c4 O-O
9.dxe5 Nc6xe5
10.Nf3xe5 dxe5
11.f3 c6
12.Nb1d2 b5
13.Bc4d3 Bc8b7
14.a3 c5
15.Bd3e2 Ra8b8
16.O-O c4
17.Qb3c2 a5
18.b3 Nf6h7
19.bxc4 Nh7g5
20.c5 Bb7c6
21.Qc2d3 Be7xc5
22.Kg2 Qd8f6
23.Nd2b3 Ng5e6
24.Nb3xc5 Ne6xc5
25.Qd3c2 a4
26.Ra1b1 Qf6h4
27.c4 Nc5e6
28.Bc1e3 Bc6d7
29.Rb1d1 Rb8b7
30.cxb5 Bd7xb5
31.Be2xb5 Rb7xb5
32.Qc2xa4 Rb5b2
33.Be3f2 Ne6f4
34.Kg1 Nf4h3
35.Kg2 Nh3g5
36.Qa4d7 Qh4h3
37.Kh1 Qh3xf3
38.Kg1 Ng5h3
{ resign }
0-1

[Event "Match"]
[Site "www.echecsemail.com"]
[Date "2018.10.12"]
[Round "1"]
[White "Aiko1603"]
[Black "J1j6"]
[WhiteElo "2120"]
[BlackElo "2000"]
[Result "1-0"]
[Round "1"]
1.c4 g6
2.Nb1c3 Bf8g7
3.g3 e5
4.Bf1g2 c6
5.d3 d6
6.Ng1f3 Ng8f6
7.O-O Bc8e6
8.Nf3g5 Be6f5
9.Nc3e4 Nf6xe4
10.Ng5xe4 O-O
11.Bc1g5 f6
12.Bg5e3 Nb8a6
13.a3 d5
14.cxd5 cxd5
15.Ne4d2 b6
16.Nd2b3 Ra8c8
17.Ra1c1  { time }
1-0

[Event "Tourn. n9912"]
[Site "www.echecsemail.com"]
[Date "2018.10.12"]
[Round "1"]
[White "Gilliere"]
[Black "Falcoale"]
[WhiteElo "1980"]
[BlackElo "1930"]
[Result "1-0"]
[Round "1"]
1.e4 c5
2.Ng1f3 Nb8c6
3.d4 cxd4
4.Nf3xd4 a6
5.Nd4xc6 bxc6
6.Nb1c3 e5
7.Qd1h5 d6
8.Bf1d3 Ng8f6
9.Qh5h4 Bf8e7
10.Qh4g3 Nf6h5
11.Qg3f3 Nh5f4
12.Bc1xf4 exf4
13.Qf3xf4 O-O
14.O-O Bc8b7
15.Qf4g4 Be7f6
16.Ra1b1 Bb7c8
17.Qg4d1 Bc8b7
18.Qd1h5 g6
19.Qh5g4 Bb7c8
20.Qg4e2 Bc8e6
21.Nc3d1 Rf8e8
22.b3 Qd8b6
23.Qe2f3 Bf6g7
24.Nd1e3 Qb6d8
25.a4 a5
26.Rf1d1 Qd8c7
27.Bd3c4 Qc7c8
28.Rd1xd6 Bg7e5
29.Bc4xe6 Re8xe6
30.Rd6xe6 Qc8xe6
31.Ne3c4  { time }
1-0

[Event "Match"]
[Site "www.echecsemail.com"]
[Date "2018.10.12"]
[Round "1"]
[White "Hundegana"]
[Black "Stevep84"]
[WhiteElo "2070"]
[BlackElo "2340"]
[Result "0-1"]
[Round "1"]
1.e4 c6
2.d4 d5
3.exd5 cxd5
4.Nb1c3 Bc8f5
5.Bf1d3 Bf5xd3
6.Qd1xd3 Ng8f6
7.Ng1f3 Nb8c6
8.O-O e6
9.a3 Bf8d6
10.Rf1e1 Qd8c7
11.h3 O-O-O
12.Nc3b5 Qc7d7
13.Nb5xd6 Qd7xd6
14.b4 Nf6e4
15.b5 Nc6a5
16.Nf3e5 Qd6c7
17.c4 f6
18.cxd5 Ne4xf2
19.Kxf2 fxe5
20.Re1xe5 Rh8f8
21.Kg1 exd5
22.Bc1d2 Na5c4
23.Ra1c1 Kb8
24.Rc1xc4 Qc7xc4
25.Qd3g3 Qc4xd4
26.Bd2e3 Qd4d1
27.Kh2 Ka8
28.b6 d4
29.Be3f2 Qd1c2
30.Bf2g1 d3
31.bxa7 d2
32.Re5c5 Qc2d3
33.Qg3xg7 d1Q
34.Rc5c7 Qd1b3
35.a4 Rf8g8
36.Rc7xb7 Rg8xg7
37.Rb7xg7 Rd8g8
38.Rg7xg8 Qb3xg8
39.a5 Qd3g3
40.Kh1 Qg3xg2
{ resign }
0-1

[Event "Tourn. n9959"]
[Site "www.echecsemail.com"]
[Date "2018.10.12"]
[Round "1"]
[White "Coraza"]
[Black "Alcon"]
[WhiteElo "1790"]
[BlackElo "1709"]
[Result "0-1"]
[Round "1"]
1.e4 e6
2.Ng1f3 d5
3.exd5 exd5
4.Qd1e2 Bf8e7
5.d4 Ng8f6
6.Bc1g5 O-O
7.Nb1c3 Bc8g4
8.O-O-O c6
9.Rd1e1 Be7b4
10.a3 Bb4xc3
11.bxc3 Nb8d7
12.h3 Qd8a5
13.hxg4 Qa5xa3
14.Kd2 Nf6e4
15.Kd3 Qa3xc3
{ resign }
0-1

[Event "Tourn. n9859"]
[Site "www.echecsemail.com"]
[Date "2018.10.12"]
[Round "1"]
[White "Amaya"]
[Black "Ff333"]
[WhiteElo "2140"]
[BlackElo "2170"]
[Result "1-0"]
[Round "1"]
1.d4 d5
2.e3 Ng8f6
3.Bf1d3 g6
4.f4 Bf8g7
5.Ng1f3 O-O
6.Nb1d2 Nb8d7
7.O-O c6
8.Nf3e5 Nf6h5
9.c3 Bg7h6
10.Qd1f3 Nd7xe5
11.fxe5 Nh5g7
12.e4 Bc8e6
13.exd5 Be6xd5
14.Bd3e4 Ng7e6
15.h4 Kg7
16.g4 f6
17.g5 fxg5
18.Qf3g2 Rf8xf1
19.Nd2xf1 gxh4
20.Bc1xh6 Kxh6
21.Nf1e3 Ne6f4
22.Qg2f3 Qd8f8
23.Ne3g4 Kg7
24.Be4xd5 Nf4xd5
25.Qf3e2 Qf8f4
26.Ra1f1 Qf4g3
27.Kh1 h5
28.Rf1g1 Qg3h3
29.Ng4h2 Ra8f8
30.Qe2xh5 Nd5f4
31.Qh5g4 Qh3xg4
32.Rg1xg4 h3
33.Kg1 Kh6
34.Rg4h4 Kg5
35.Rh4g4 Kf5
36.Kf2 Nf4d3
37.Ke3 g5
38.Kxd3 Rf8h8
39.Rg4g3 Rh8h4
40.Ke3 Rh4e4
41.Kd2 g4
42.b4 Kg5
43.Nh2xg4 Re4xg4
44.Rg3xh3 Rg4h4
45.Rh3xh4 Kxh4
46.Ke3 Kg5
47.Ke4 e6
48.c4 Kg6
49.d5 Kf7
50.dxc6 bxc6
51.Kd4 Ke7
52.Kc5 Kd7
53.a4 Kc7
54.b5 cxb5
55.cxb5 Kd7
56.a5 Kc7
57.b6 { resign }
1-0

[Event "Match"]
[Site "www.echecsemail.com"]
[Date "2018.10.12"]
[Round "1"]
[White "Apdash"]
[Black "Chapi"]
[WhiteElo "2240"]
[BlackElo "2060"]
[Result "1-0"]
[Round "1"]
1.e4 c5
2.Ng1f3 Nb8c6
3.d4 cxd4
4.Nf3xd4 g6
5.Bf1c4 Bf8g7
6.c3 Ng8f6
7.Qd1c2 Qd8a5
8.O-O Qa5e5
9.Nd4xc6 bxc6
10.Nb1d2 d5
11.exd5 cxd5
12.Bc4b5 Bc8d7
13.Nd2f3 Qe5d6
14.Bb5xd7 Nf6xd7
15.Bc1g5 O-O
16.Qc2d2 Nd7e5
17.Nf3xe5 Bg7xe5
18.f4 Be5f6
19.Bg5h6 Bf6g7
20.f5 gxf5
21.Bh6xg7 Kxg7
22.Rf1xf5 Ra8c8
23.Rf5xd5 Qd6g6
24.Rd5g5 { resign }
1-0

[Event "Match"]
[Site "www.echecsemail.com"]
[Date "2018.10.12"]
[Round "1"]
[White "Dussek"]
[Black "J1j6"]
[WhiteElo "1840"]
[BlackElo "1890"]
[Result "1-0"]
[Round "1"]
1.c4 e5
2.Nb1c3 f5
3.g3 c6
4.Bf1g2 Ng8f6
5.d3 d6
6.Ng1f3 Bc8e6
7.O-O Nb8d7
8.Bc1g5 Bf8e7
9.Ra1c1 h6
10.Bg5d2 g5
11.b3 f4
12.Nc3e4 Nf6g4
13.h3 Ng4f6
14.Ne4xf6 Nd7xf6
15.g4 Rh8g8
16.Bd2c3 Qd8c7
17.b4 b6
18.a4 Ra8c8
19.Nf3d2 d5
20.cxd5 Nf6xd5
21.Nd2e4 c5
22.bxc5 bxc5
23.Bc3b2 Nd5b6
24.Ne4c3 Be7f6
25.Nc3e4 Bf6e7
26.e3 Nb6d5
27.Ne4c3 Nd5xc3
28.Rc1xc3 Rc8b8
29.Bb2a1 fxe3
30.fxe3 Be7d6
31.Rf1f6 Be6f7
32.Bg2e4 Rg8h8
33.Be4f5 Qc7e7
34.Rf6xd6 Qe7xd6
35.Qd1c2 Ke7
36.Rc3xc5 Rh8c8
37.Bf5xc8 e4
38.Rc5e5 Kd8
39.Bc8f5 Bf7b3
40.Qc2c3 exd3
41.Bf5xd3 Bb3xa4
42.e4 Rb8b1
43.Kf2 Qd6f6
44.Ke3  { time }
1-0

[Event "Match"]
[Site "www.echecsemail.com"]
[Date "2018.10.12"]
[Round "1"]
[White "Caspito"]
[Black "J1j6"]
[WhiteElo "1890"]
[BlackElo "1930"]
[Result "1-0"]
[Round "1"]
1.e4 e5
2.Ng1e2 Nb8c6
3.g3 Ng8f6
4.Bf1g2 Bf8c5
5.O-O Nc6d4
6.d3 Nd4xe2
7.Qd1xe2 d5
8.Bc1g5 d4
9.a3 Bc5e7
10.c3 c5
11.b4 cxb4
12.axb4 dxc3
13.Nb1xc3 Be7xb4
14.Nc3d5 Bb4e7
15.Ra1c1 Nf6xd5
16.Bg5xe7 Nd5xe7
17.Qe2h5 Qd8d6
18.Rc1c3 O-O
19.Rf1c1 g6
20.Qh5g5 f6
21.Qg5e3 Bc8e6
22.Rc3c7 b6
23.Qe3h6 Ra8c8
24.Rc7xa7 Rc8xc1
25.Bg2f1 Rc1xf1
26.Kxf1 Qd6xd3
27.Kg1 Qd3xe4
28.Ra7xe7 Be6f7
29.f4 Qe4d4
30.Kg2 Qd4d5
31.Kh3 exf4
32.Qh6xf4 Bf7e6
33.g4 Qd5d3
34.Kg2 Be6d5
35.Kg1 Qd3d2
36.Qf4xd2 Bd5f3
37.Qd2h6  { time }
1-0

[Event "Tourn. n9948"]
[Site "www.echecsemail.com"]
[Date "2018.10.12"]
[Round "1"]
[White "Drill64"]
[Black "Cal"]
[WhiteElo "1799"]
[BlackElo "1710"]
[Result "1-0"]
[Round "1"]
1.e4 e5
2.Ng1f3 d6
3.d4 exd4
4.Qd1xd4 Nb8c6
5.Bf1b5 Bc8d7
6.Bb5xc6 Bd7xc6
7.Nb1c3 h6
8.Bc1f4 Ng8f6
9.O-O-O Bf8e7
10.Kb1 a6
11.Rh1e1 b5
12.Nc3d5 Nf6g4
13.Qd4xg7 Ng4xf2
14.Qg7xh8 Be7f8
15.Bf4xh6 Nf2xd1
16.Qh8xf8 Kd7
17.Qf8xd8 Kxd8
18.Re1xd1 Bc6d7
19.Bh6g5 Kc8
20.a3 Bd7e6
21.h3 Ra8b8
22.Nf3d4 Be6xd5
23.exd5 Rb8b6
24.Nd4c6 Kd7
25.Rd1e1 Rb6xc6
26.dxc6 Kxc6
27.Re1e7 Kb6
28.Re7xf7 { resign }
1-0